[Event "Santo Domingo Duarte Memorial 6th"]
[Site "Santo Domingo"]
[Date "2017.02.04"]
[Round "6"]
[White "Valdez Cruz, Carlos Arturo"]
[Black "Barias Aquino, Tomas"]
[Result "1/2-1/2"]
[WhiteElo "1464"]
[BlackElo "1752"]
[PlyCount "44"]
[EventDate "2017.01.27"]
[EventType "swiss"]
[EventRounds "8"]
[EventCountry "DOM"]
[SourceTitle "CBM 176 Extra"]
[Source "ChessBase"]
[SourceDate "2017.03.02"]
[SourceVersion "1"]
[SourceVersionDate "2017.03.02"]
[SourceQuality "1"]

1. g4 e5 2. e4 Nf6 3. Bc4 d5 4. exd5 Nxd5 5. Qf3 c6 6. Nc3 Be6 7. a4 Nb4 8. Bxe6 fxe6 9. Qe4 Qf6 10. Nf3 Nd7 11. 0-0 Bd6 12. Na2 Nd5 13. d4 0-0-0 14. Bg5 Qf7 15. Bxd8 Kxd8 16. dxe5 Bc7 17. Nb4 Nc5 18. Qd4 Qxf3 19. Nxd5 cxd5 20. Qxc5 Qxg4+ 21. Kh1 Qf3+ 22. Kg1 Qg4+ 1/2-1/2